000 00802na a2200277 4500
001 18303
003 MIRAKIL
005 20181213155034.0
008 161116b tu 000 0
020 _a9786054611478
040 _aMilas
_btur
_cTR-AnCHP
041 _atur
082 _a320.5315
_bT86r 2012
090 _a320.5315 T86r 2012
100 _aTurgut, Mirza
245 _aRönesans, aydınlanma ve sosyal demokrasi
_cMirza Turgut
260 _aİstanbul
_bMola Kitap
_c2012
300 _a168 s.
_c21 sm.
500 _aYapıt yazarından imzalıdır.
500 _aYapıt adı başında: Tarih, sanat ve siyaset yazıları
650 _aAydınlanma çağı
650 _aRönesans
650 _aSosyal demokrasi
740 _aTarih, sanat ve siyaset yazıları
942 _2ddc
_cBKS
999 _c5350
_d5350